Every Song by Stick to Your Guns - Statistics

General Stats
  • This quiz has been taken 3 times
  • The average score is 31 of 93
Answer Stats
Album Song % Correct
Diamond(2012) Diamond
100%
Diamond(2012) D(I Am)ond
100%
Disobedient(2015) Disobedient
100%
The Hope Division(2010) Amber
67%
For What It's Worth(2005) For What It's Worth...
67%
Diamond(Bonus)(2012) I Resist
67%
Disobedient(2015) Left You Behind
67%
Disobedient(2015) RMA (Revolutionary Mental Attitude)
67%
Disobedient(2015) The Crown
67%
True View(2017) The Inner Authority: "Realization of Self"
67%
True View(2017) The Reach for Me: "Forgiveness of Self"
67%
True View(2017) The Sun, the Moon, the Truth: "Penance of Self"
67%
Disobedient(2015) To Whom It May Concern
67%
Diamond(2012) We Still Believe
67%
The Hope Division(2010) 3/60
33%
True View(2017) 3 Feet from Peace
33%
True View(2017) 56
33%
Comes from the Heart(2008) Accessory Children
33%
Diamond(2012) Against Them All
33%
Spectre(2022) A World to Win
33%
Diamond(2012) Beyond the Sun
33%
Diamond(2012) Bringing You Down
33%
Diamond(2012) Built Upon the Sand
33%
True View(2017) Cave Canem
33%
True View(2017) Delinelle
33%
True View(2017) Doomed by You
33%
Non-Album(2019) Dove and Fist
33%
Comes from the Heart(2008) Driving Force
33%
Diamond(2012) Empty Heads
33%
Comes from the Heart(2008) Enough is Enough
33%
The Hope Division(2010) Erida
33%
The Hope Division(2010) Faith in the Untamed
33%
Spectre(2022) Father
33%
For What It's Worth(2005) Fire with Fire
33%
For What It's Worth(2005) For the Kids, by the Kids
33%
Spectre(2022) Hush
33%
Disobedient(2015) I Choose Nothing
33%
Comes from the Heart(2008) Impact
33%
Spectre(2022) Instruments of the End
33%
Comes from the Heart(2008) Interlude
33%
Disobedient(2015) It Starts With Me
33%
Diamond(Bonus)(2012) Just Like Me
33%
The Hope Division(Hidden)(2010) La Poderosa
33%
For What It's Worth(Bonus)(2007) Laugh Right Back
33%
Spectre(2022) Liberate
33%
Diamond(2012) Life in a Box
33%
The Hope Division(2010) Life Through Western Eyes
33%
True View(2017) Married to the Noise
33%
Spectre(2022) More of Us Than Them
33%
Spectre(2022) (My Heart Is A...)
33%
Disobedient(2015) Nobody
33%
The Hope Division(2010) No Cover
33%
Disobedient(2015) Nothing You Can Do to Me
33%
Spectre(2022) No Way to Live
33%
Spectre(2022) Open Up My Head
33%
Comes from the Heart(2008) Part of Me
33%
Diamond(2012) Ring Loud (Last Hope)
33%
The Hope Division(2010) Scarecrow
33%
The Hope Division(2010) Some Kind of Hope
33%
For What It's Worth(Bonus)(2007) Such an Outrage
33%
Diamond(2012) Such Pain
33%
The Hope Division(2010) Sufferer
33%
True View(2017) The Better Days Before Me
33%
Diamond(2012) The Bond
33%
For What It's Worth(2005) There Is No I in Team
33%
Spectre(2022) The Shine
33%
Disobedient(2015) The War Inside
33%
For What It's Worth(2005) This Is Where My Heart Lies
33%
True View(2017) Through the Chain Link
33%
Spectre(2022) Weapon
33%
Comes from the Heart(2008) We Must Look Like Ants from Up There
33%
Disobedient(2015) What Choice Did You Give Us?
33%
The Hope Division(2010) What Goes Around
33%
The Hope Division(2010) Where the Sun Never Sleeps
33%
Spectre(2022) Who Dares Wins
33%
The Hope Division(2010) Wolves at the Door
33%
True View(2017) You Are Free
33%
For What It's Worth(2005) All Time Low
0%
For What It's Worth(2005) A Poor Mans Poor Sport (Two Heads Are Better Than One)
0%
For What It's Worth(2005) Badge a Brand
0%
For What It's Worth(2005) Colorblind
0%
For What It's Worth(2005) Compassion without Compromise
0%
Disobedient(Bonus)(2015) Every Second
0%
For What It's Worth(2005) Fashion or Fascist
0%
For What It's Worth(2005) Industry of Infamy
0%
The Hope Division(Bonus)(2010) Inner City International
0%
Non-Album(2008) Laught Right Back
0%
For What It's Worth(2005) Our Demise
0%
True View(2017) Owen Nothing
0%
Comes from the Heart(2008) Searching for the Surface
0%
For What It's Worth(2005) This Is More
0%
Comes from the Heart(2008) Tonight's Entertainment
0%
Comes from the Heart(2008) We're What Separates the Heart from the Heartless
0%
No matching quizzes found
Score Distribution
Percent of People with Each Score
Percentile by Number Answered
Your Score History
You have not taken this quiz